000
00281 a2200133 4500
005
20251120071715.0
082
_a
653.3 NBA
100
_a
NBAA
245
_a
Intermediate Level: Q& A
250
_a
B1-B6
260
_a
Dodoma
_b
NBAA
_c
2018
300
_a
181P.
_c
20CM.
942
_2
ddc
_c
BKS
999
_c
6796
_d
6796